Las transformaciones socioeconómicas de área metropolitana : reconversión industrial y empleo ; 1960-1987, anexo estadístico /
Guardado en:
| Autor Principal: | |
|---|---|
| Formato: | Libro |
| Idioma: | Spanish |
| Publicado: |
Buenos Aires :
Consejo federal de inversiones,
1987.
|
| Etiquetas: |
Agregar Etiqueta
Sin Etiquetas, Sea el primero en etiquetar este registro!
|
| LEADER | 00576nam a22001455a 4500 | ||
|---|---|---|---|
| 001 | EEO.bibeco003367 | ||
| 003 | AR-BaUEB | ||
| 005 | 20110412134608.0 | ||
| 008 | 080718s1987####ag############000#0#spa#d | ||
| 245 | 1 | 4 | |a Las transformaciones socioeconómicas de área metropolitana : |b reconversión industrial y empleo ; 1960-1987, anexo estadístico / |c María D. Pérez Barrero. |
| 260 | |a Buenos Aires : |b Consejo federal de inversiones, |c 1987. | ||
| 300 | |a 2 v. | ||
| 100 | 1 | |a Pérez Barrero, María D. | |
| 082 | 0 | 4 | |a 338.9821 |
| 859 | |a AR-BaUEB |b BIB. ECONOMIA - General |h 338.9821 |i P415 |p e06309 |v 1 |3 v. 1 | ||
